| 000 | 01250nam a2200337 i 4500 | ||
|---|---|---|---|
| 003 | DO-SdBNP | ||
| 005 | 20250909091243.0 | ||
| 007 | ta | ||
| 008 | 240711b1998 sp 00| 0 spa d | ||
| 020 | _a8473327906 | ||
| 040 |
_aDO-SdBNP _bspa _cBNPHU _erda |
||
| 082 | 4 |
_a321.74 _bJ91 _222 |
|
| 245 | 0 | 0 |
_aJuan B. Justo / _c edición de Javier Franzé |
| 264 |
_aMadrid, España : _bEdiciones de Cultura Hispánica, _c1998. |
||
| 300 |
_a229 páginas : _c24 cm. |
||
| 336 |
_2rdacontent _atexto _btxt |
||
| 337 |
_2rdamedia _asin mediación _bnc |
||
| 338 |
_2rdacarrier _avolumen _bnc |
||
| 490 | 1 |
_a Antología del pensamiento político, social y económico de América Latina _v18 |
|
| 500 | _aIncluye datos biografícos del editor en la solapa de la portada. | ||
| 500 | _aIncluye datos biografícos de Juan B. Justo en la contraportada. | ||
| 504 | _aBibliografía p: 223-229. | ||
| 590 | _aInventariado, 2024/ YL | ||
| 600 | 1 |
_aJusto, Juan B. _986043 |
|
| 600 | 1 |
_aJusto, Juan B. _xCrítica e interpretación _986044 |
|
| 650 | 4 |
_aPensamiento politico (Argentina) _986045 |
|
| 700 | 1 |
_aFranzé, Javier _eeditor _986046 |
|
| 710 | 2 |
_aAgencia Española de Cooperación Internacional _934585 |
|
| 910 | _aYlockward | ||
| 942 |
_2ddc _cLBS1 |
||
| 999 |
_c57249 _d57249 |
||